banner-ar

THE CAMBRIDGE DICTIONARY OF SCIENTISTS / (Record no. 13509)

MARC details
000 -الفاتح
حقل البيانات ثابتة الطول 00562nam a2200217Ia 4500
008 - عناصر البيانات ثابتة الطول - معلومات عامة
حقل البيانات ثابتة الطول 140319s9999 xx 000 0 eng d
040 ## - مصدر الفهرسة
وكالة الفهرسة الأصلية GCL /
وكالة النسخ GCL
082 04 - رقم تصنيف ديوى العشرى
رقم التصنيف 509.22
رقم المادة M C
100 1# - المدخل الرئيسى - إسم شخصى
الإسم الشخصى MILLAR, DAVID
245 10 - بيان العنوان
العنوان THE CAMBRIDGE DICTIONARY OF SCIENTISTS /
بيان المسئوليه,etc MILLAR, DAVID
700 1# - المدخل الاضافى - اسم شخصى
الإسم الشخصى MILLAR, IAN
700 1# - المدخل الاضافى - اسم شخصى
الإسم الشخصى MILLAR, JOHN
700 1# - المدخل الاضافى - اسم شخصى
الإسم الشخصى MILLAR, MARGARET
260 ## - PUBLICATION, DISTRIBUTION, ETC. (IMPRINT)
تاريخ النشر أو التوزيع 1996
300 ## - الوصف المادى
التعداد 387 P
650 04 - المدخل الاضافى بالموضوع-مصطلح موضوعى
مصطلح موضوعي SCIENCE
650 04 - المدخل الاضافى بالموضوع-مصطلح موضوعى
مصطلح موضوعي DICTIONARIES
650 04 - المدخل الاضافى بالموضوع-مصطلح موضوعى
مصطلح موضوعي SCIENTISTS
942 ## - عناصر المدخل الإضافي( كوها)
مصدر التصنيف او مخطط الترفيف Dewey Decimal Classification
Koha [default] item type كتاب
260 ## - PUBLICATION, DISTRIBUTION, ETC. (IMPRINT)
-- [S.N] :
-- CAMBRIDGE UNIVERSITY PRESS ،
Holdings
حالة التراجع حالة الفقد حالة تلف ليس للاعارة المكان المؤقت الموقع الحالى تاريخ الاكتساب اجمالي اﻻعارات رقم الطلب الباركود تاريخ اخر مشاهدة تاريخ تفعيل السعر نوع وعاء كوها
        مكتبة القاهرة الكبرى مكتبة القاهرة الكبرى 03/26/2014   509.22\M C 25819 03/26/2014 03/26/2014 كتاب
        مكتبة القاهرة الكبرى مكتبة القاهرة الكبرى 03/26/2014   509.22\M C 25820 03/26/2014 03/26/2014 كتاب

Powered By

EGPV